Concepte matematice - Statistics

General Stats
  • This quiz has been taken 4 times
  • The average score is 6 of 15
Answer Stats
Concept Denumire % Correct
Σ Sumă
100%
Integrală
67%
πr^2 Aria cercului
33%
(B*h)/2 Aria triunghiului
33%
∞/∞, 0/0, ∞ - ∞ Cazuri de nedeterminare
33%
h Constanta lui Planck
33%
Discriminant
33%
a(b+c) = ab + ac Distributivitate
33%
x^2-5x+6 = 0 Ecuație de gradul doi
33%
(sinx)^2 + (cosx)^2 = 1 Formula fundamentală a trigonometriei
33%
ax+b Funcția liniară
33%
e^iπ + 1 = 0 Identitatea lui Euler
33%
2πr Lungimea cercului
33%
ϕ Secțiunea de aur
33%
a^2 + b^2 = c^2 Teorema lui Pitagora
33%
No matching quizzes found
Score Distribution
Percent of People with Each Score
Percentile by Number Answered
Your Score History
You have not taken this quiz